Ser empresario Nuevos modelos de conducta empresarial /

Detalles Bibliográficos
Autor principal: Zurita Espinoza, Pablo
Formato: eBook
Lenguaje:español
Publicado: Bogot:̀ Ediciones de la U, 2011
Materias:
Acceso en línea:Acceso restringido

MARC

LEADER 00000nam a22000007a 4500
005 20210519232649.0
007 cr|||| ||||
008 210519s2011 co |||||s|||| 00||0 spa d
020 |a 978-958-8675-51-0 
035 |a 33463 
040 |a vLex 
090 |c 11747  |d 11747 
100 1 |a Zurita Espinoza, Pablo 
245 1 0 |a Ser empresario  |h [Recurso electrn̤ico] :  |b Nuevos modelos de conducta empresarial /  |c Pablo Zurita Espinoza 
256 |a Servicio en ln̕ea 
260 |a Bogot:̀  |b Ediciones de la U,  |c 2011 
300 |a 1 recurso electrn̤ico 
500 |a Para el emprendedor: con este libro se pretende servir de ayuda, para que su proyecto tenga x̌ito, para que sea capaz de apaciguar su natural empuje y acte︢ con prudencia, para que encuentre el momento propicio. Sus buenas ideas valen oro, urge que las pueda convertir en realidad. Para el empresario: se pretende servir de ayuda para que cuestione la marcha de su negocio, para que evale︢ qu ̌se hace en su empresa y cm̤o se hace, para que valide cm̤o controla y cm̤o deben ser las relaciones con sus clientes, con sus trabajadores, con sus proveedores y con su competencia, nuevas ideas para enfrentar los retos que imponen los nuevos tiempos. Ser empresario es una iniciativa voluntaria que surge de la libertad individual, no se puede obligar a nadie a montar una empresa ni a mantenerla en activo, pero s ̕se debe exigir responsabilidad a quienes se lanzan a esta bonita aventura. 
506 1 |a Disponible solo en los productos indicados  |d vLex Global  |d vLex Global (Academic Edition, excluding Law Schools)  |d vLex Global (U.S. Academic Edition, Law Schools)  |d vLex Global (U.S. Academic Edition, excluding Law Schools)  |d vLex Global (Academic Edition, Law Schools) 
650 0 4 |a Administracin̤ (Management)  |z Colombia 
740 0 |a vLex Libros (Servicio en ln̕ea) 
856 4 0 |u https://vlex.com/source/ser-empresario-nuevos-modelos-de-conducta-empresarial-33463  |z Acceso restringido 
942 |c BOOK 
999 0 |a Management